| 000 | 01858nam a2200469Ii 4500 | ||
|---|---|---|---|
| 001 | DIGDYK1618 | ||
| 003 | NyNyDIG | ||
| 006 | m o d | ||
| 007 | cr ||||||||||| | ||
| 008 | 220914s2018 sp o 000 0 spa d | ||
| 035 | _a(OCoLC)1283851683 | ||
| 040 |
_aDGITA _beng _erda _epn _cDGITA |
||
| 020 |
_a9788491489160 _qpdf |
||
| 020 | _z9788491489122 | ||
| 041 | 0 |
_aspa _aeng _aita |
|
| 050 | 1 | 4 | _aBS580.I74 ebook |
| 082 | 0 | 4 | _a345.42 |
| 245 | 0 | 0 |
_aConfinamiento y exilio en la antigüedad tardía / _cMargarita Vallejo Girvés y Juan Antonio Bueno Delgado, (editores) |
| 264 | 1 |
_aMadrid : _bDykinson, S.L., _c[2018] |
|
| 300 | _a1 online resource. | ||
| 336 |
_atext _btxt _2rdacontent |
||
| 337 |
_acomputer _bc _2rdamedia |
||
| 338 |
_aonline resource _bcr _2rdacarrier |
||
| 347 |
_atext file _2rdaft |
||
| 347 | _bPDF | ||
| 490 | 1 | _aColección "Monografías de derecho romano y cultura clásica". Derecho público y privado romano | |
| 500 | _aIncludes index. | ||
| 546 | _aTexts in Spanish, English and Italian. | ||
| 588 | 0 | _aOnline resource; title from PDF title page (Digitalia, viewed September 14, 2022) | |
| 650 | 0 | _aExile (Punishment) | |
| 650 | 0 | _aCivilization, Ancient. | |
| 655 | 0 | _aElectronic books. | |
| 700 | 1 |
_aVallejo Girvés, Margarita, _eeditor. |
|
| 700 | 1 |
_aBueno Delgado, Juan Antonio, _eeditor. |
|
| 791 | 2 |
_aDigitalia (Firm), _edistributor. |
|
| 793 | 0 |
_gDigitalia eBook Collection: _aDykinson Editorial |
|
| 776 | 0 | 8 |
_iPrint version: _tConfinamiento y exilio en la antigüedad tardía. _dMadrid : Dykinson, S.L., [2018] _z9788491489122 |
| 830 | 0 |
_aColección Monografías de derecho romano y cultura clásica. _pSección Derecho público y privado romano. |
|
| 856 | 4 | 0 |
_3Digitalia Hispánica _uhttps://www.digitaliapublishing.com/a/76445/ |
| 910 | _aPremium collection: 2022 | ||
| 942 | _cRAA | ||
| 999 |
_c263631 _d263631 |
||